000 00792nam a2200253 a 4500
001 000014145
005 20230417152659.0
008 091205s2001 sp 000 d spa d
020 _a8466303995
040 _aDO-SdBNP
_bspa
_cBNPHU
082 _a822.33
_bS527h, 2001
100 1 _aShakespeare, William,
_d1564-1616
_96748
245 1 0 _aHamlet /
_cWilliam Shakespeare ; estudio y notas por Agustín Muñoz-Alonso.
260 _a[Madrid] :
_bSuma de Letras,
_c2001.
300 _a363, [2] p. ;
_c18 cm.
490 1 _aPunto de lectura
_v300/8
500 _aEdición anotada y comentada
650 0 _aTeatro inglés
_96749
650 4 _aLiteratura inglesa
_9498
700 _aMuñoz-Alonso, Agustín
_931987
830 0 _aPunto de lectura ;
_v300/8
_93047
910 _aWM
049 _aBNGR
999 _c13747
_d13747